00776nam a22002297a 45000010005000000030006000050050017000110080041000280200015000690400029000840820012001131000021001252450085001462600051002313000050002825050008003325210030003405210020003709420015003909990015004059520126004207881FISKH20250813085550.0250813b cb ||||| |||| 00| 0 eng d a0153312556 aFISKHbengcFISKHdFISKH a407.000 aEarly, Margaret  aTogether we go / cBy Margaret Early , Elizabeth K. Cooper and Nancy Santeusanio aNew York : bHarcourt Brace Jovanovich,c1983. a191 pages : bcolor illustrations ;c24 cm .  aP 8 a640 bLexile estimate 8 aP bRaz-Plus  2ddccBKn0 c7881d7881 00102ddc40708NFICa002b002cTTP Yellow d2025-08-13l0oEAR 407.000pFISBK00410r2025-08-13 08:54:46w2025-08-13yBK